| 000 | 00733nam a22002175i 4500 | ||
|---|---|---|---|
| 001 | 177759 | ||
| 003 | ES-MaACL | ||
| 005 | 20230906220415.0 | ||
| 008 | 110419s1926 sp |||| | spa d | ||
| 080 | _a130.2 | ||
| 100 | 1 |
_aScheler, Max. _9104283 |
|
| 245 | 1 | 3 |
_aEl saber y la cultura / _cMax Scheler ; traducción del alemán por J. Gómez de la Serna y Favre. |
| 260 |
_aMadrid : _bRevista de Occidente, _c[1926] |
||
| 300 |
_a103 p. ; _c18 cm. |
||
| 490 | 1 |
_aNuevos hechos, nuevas ideas ; _v9 |
|
| 650 | 4 |
_aCultura- _xFilosofía. _911518 |
|
| 700 | 1 |
_aGómez de la Serna y Favre, J. _9171965 |
|
| 830 | 1 |
_aNuevos hechos, nuevas ideas ; _v9 _9184426 |
|
| 852 |
_aES-MaACL _jE-14958 _xOlim P-209 |
||
| 999 |
_c177759 _d177759 |
||